| 000 | 00984cam a2200337 a 4500 | ||
|---|---|---|---|
| 001 | 12182630 | ||
| 003 | OSt | ||
| 005 | 20140310184315.0 | ||
| 008 | 000908s2000 onca a 000 1 eng | ||
| 010 | _a 00421222 | ||
| 020 | _a9780439702096 | ||
| 035 | _a(CaONFJC)ct C00930208 | ||
| 040 |
_aDLC _cDLC _dDLC |
||
| 042 | _alcac | ||
| 050 | 0 | 0 |
_aPZ 7 _b.G285 2004 |
| 100 | 1 |
_aGay, Marie-Louise. _923419 |
|
| 245 | 1 | 0 |
_aStella, queen of the snow / _cMarie-Louise Gay. |
| 260 |
_aToronto : _bDouglas & McIntyre, _c2000. |
||
| 300 |
_bcol. ill. ; _c24 cm. |
||
| 521 | _aG2 | ||
| 526 | _c370 | ||
| 650 | 0 |
_aStella (Fictitious character : Gay) _vFiction. _923420 |
|
| 650 | 1 |
_aSnow _vFiction. _923421 |
|
| 650 | 1 |
_aPlay _vFiction. _923422 |
|
| 650 | 1 |
_aBrothers and sisters _vFiction. _923423 |
|
| 906 |
_a7 _bcbc _corigres _d3 _encip _f20 _gy-gencatlg |
||
| 942 |
_2lcc _cBK-SCHOLAS |
||
| 999 |
_c33557 _d33557 |
||